[Event "Chigorin Memorial"]
[Site "St Petersburg RUS"]
[Date "2008.10.05"]
[Round "3"]
[White "Makarov,M"]
[Black "Solovjova,V"]
[Result "1/2-1/2"]
[WhiteElo "2536"]
[BlackElo "2303"]

1.Nf3 d5 2.c4 c6 3.d4 Nf6 4.Nc3 e6 5.Bg5 dxc4 6.a4 Bb4 7.g3 c5 8.dxc5 Qxd1+
9.Rxd1 Nbd7 10.Rd4 Nxc5 11.Rxc4 Bxc3+ 12.bxc3 b6 13.Bxf6 gxf6 14.Bg2 Bb7
15.O-O Bd5 16.Rh4 Rc8 17.Nd2 Bxg2 18.Kxg2 O-O 19.Rb1 Rfd8 20.Nf3 Nd7 21.Rb3 Rc7
22.Nd4 a6 23.Nf3 e5 24.Rg4+ Kf8 25.Nh4 Rdc8 26.Nf5 Rxc3 27.Rxc3 Rxc3 28.Rh4 Kg8
29.Rg4+ Kf8 30.Rg7 h5 31.Rh7 Kg8 32.Rg7+ Kf8 33.Rh7  1/2-1/2

[Event "ch-Commonwealth"]
[Site "Nagpur IND"]
[Date "2008.10.06"]
[Round "11"]
[White "Simantini,H"]
[Black "Manush,S"]
[Result "0-1"]
[WhiteElo "1588"]
[BlackElo "1863"]

1.Nf3 d5 2.c4 e6 3.g3 Nf6 4.Bg2 a6 5.b3 c6 6.d4 Nbd7 7.Bb2 Bb4+ 8.Nbd2 O-O
9.O-O Re8 10.a3 Bd6 11.Re1 Bc7 12.Rc1 Nf8 13.Ne5 Bxe5 14.dxe5 N6d7 15.e4 Nc5
16.Qc2 dxe4 17.Nxe4 Nxe4 18.Bxe4 Qe7 19.Rcd1 Bd7 20.Rd6 Rad8 21.Red1 Bc8
22.Bc3 Rxd6 23.exd6 Qd7 24.Qb2 f5 25.Bf3 Qf7 26.Qe2 Nd7 27.Qe3 e5 28.Bg2 Nf6
29.Re1 Qe6 30.Qd2 Nd7 31.Kf1 Qf7 32.Kg1 Re6 33.b4 e4 34.c5 Ne5 35.Bxe5 Rxe5
36.Bf1 Kf8 37.Qc3 Re8 38.Bc4 Be6 39.Be2 Bd5 40.Qe3 h6 41.Qf4 g5 42.Qe3 Kg8
43.Rd1 Rf8 44.f4 g4 45.Rd4 Qe6 46.a4 Ra8 47.Qc3 e3 48.Kf1 Kh7 49.Bc4 e2+
50.Bxe2 Re8 51.Rd2 Qe4 52.Qd4 Qg2+ 53.Ke1 Qh1+ 54.Kf2 Qxh2+ 55.Ke1 Qh1+ 56.Kf2 Qg2+
57.Ke1 Qxg3+ 58.Qf2 Qc3 59.Qd4 Qg3+ 60.Qf2 Qh3 61.Qf1 Qc3 62.Qf2 g3 63.Qd4 Qxd4
64.Rxd4 g2 65.Kf2 Rxe2+  0-1

[Event "ch-Commonwealth"]
[Site "Nagpur IND"]
[Date "2008.10.06"]
[Round "11"]
[White "Kashyap,R"]
[Black "Russell,MKA"]
[Result "0-1"]
[WhiteElo "1812"]
[BlackElo "2213"]

1.Nf3 d5 2.c4 c6 3.b3 Nf6 4.Bb2 Bf5 5.g3 Nbd7 6.Bg2 e6 7.O-O Bd6 8.d3 Qe7
9.Nbd2 a5 10.Re1 e5 11.e4 dxe4 12.dxe4 Bg4 13.Nf1 Rd8 14.Ne3 Bb4 15.Re2 Bxf3
16.Bxf3 g6 17.Qc2 O-O 18.Rd1 a4 19.Bc3 axb3 20.axb3 Bxc3 21.Qxc3 Nc5 22.Qc2 Ne6
23.Bg2 Nd4 24.Qb2 Nxe2+ 25.Qxe2 Qb4 26.Qf3 Kg7 27.h4 Rd2 28.Rxd2 Qxd2 29.g4 Ra8
30.h5 Ra1+ 31.Kh2 h6 32.g5 Ng8 33.Qg3  0-1

[Event "Chigorin Memorial"]
[Site "St Petersburg RUS"]
[Date "2008.10.06"]
[Round "4"]
[White "Kozlov,M2"]
[Black "Massironi,M"]
[Result "0-1"]
[WhiteElo "2025"]
[BlackElo "2169"]

1.Nf3 d5 2.c4 c6 3.b3 Nf6 4.Bb2 Bf5 5.g3 Nbd7 6.Bg2 e6 7.d3 Bd6 8.Nh4 Bg6
9.Nd2 O-O 10.Nxg6 hxg6 11.O-O Qe7 12.a3 a5 13.e4 dxe4 14.dxe4 e5 15.Qe2 Rfd8
16.h3 Bc7 17.Rfd1 Nc5 18.Ra2 Nd3 19.Ba1 Bb6 20.Rf1 Nh5 21.Kh2 Rd7 22.Nf3 Rad8
23.Bc3 Nf6 24.Raa1 Qc5 25.a4 Nxf2 26.Nxe5 Re7 27.Ra2 Rxe5 28.Bxe5 Qxe5 29.Rxf2 Bxf2
30.Qxf2 Rd3 31.Rb2 Nh5 32.Rd2 Rxd2 33.Qxd2 Qxg3+ 34.Kg1 Nf4 35.Qf2 Nxh3+  0-1

[Event "Autumn-5"]
[Site "Alushta UKR"]
[Date "2008.10.07"]
[Round "14"]
[White "Kutynec,V"]
[Black "Amanov,M"]
[Result "0-1"]
[WhiteElo "2281"]
[BlackElo "2385"]

1.Nf3 d5 2.c4 e6 3.d4 c6 4.Qc2 Be7 5.g3 Nf6 6.Bg2 O-O 7.O-O Nbd7 8.Nbd2 b5
9.b3 Ba6 10.Bb2 Rb8 11.cxb5 Bxb5 12.Rfe1 c5 13.dxc5 Bxc5 14.Bd4 Rc8 15.Qb2 Qb6
16.Rac1 Bxd4 17.Qxd4 Rxc1 18.Rxc1 Bxe2 19.Qxb6 axb6 20.Nd4 Bd3 21.Rc3 Bg6
22.Rc7 Ra8 23.a4 h6 24.Bf1 Nc5 25.f4 Nfe4 26.Nxe4 Bxe4 27.Bb5 g5 28.fxg5 hxg5
29.Bc6 Rb8 30.b4 e5 31.bxc5 exd4 32.cxb6 Rxb6 33.Bb5 d3 34.Kf2 Rf6+ 35.Ke1 Rh6
36.Rc3 d4 37.Ra3 d2+ 38.Kxd2 Rxh2+ 39.Ke1 Rb2 40.Bc4 Rb4 41.Bb3 Kg7 42.a5 Bb7
43.Bc2 Ba6 44.Bd3 Bxd3 45.Rxd3 Ra4 46.g4 Kf6 47.Ke2 Ke5 48.Rf3 Ke4 49.Rxf7 Ra2+
50.Kd1 Rxa5 51.Rf8 Ke3 52.Re8+ Kf3 53.Kd2 Ra3 54.Re5 Kxg4 55.Re4+ Kf3 56.Rxd4 g4  0-1

[Event "Belgrade Premier League"]
[Site "Belgrade SRB"]
[Date "2008.10.07"]
[Round "3"]
[White "Mihic,B"]
[Black "Vreljanski,D"]
[Result "1-0"]
[WhiteElo "2376"]
[BlackElo "2177"]

1.Nf3 d5 2.c4 e6 3.d4 Nf6 4.Nc3 c6 5.Bg5 Nbd7 6.e3 Qa5 7.cxd5 Nxd5 8.Qd2 Bb4
9.Rc1 c5 10.Bd3 O-O 11.O-O h6 12.Bh4 cxd4 13.exd4 N7b6 14.Bb1 Nxc3 15.bxc3 Bd6
16.Bg3 Rd8 17.Rfe1 Bxg3 18.hxg3 Qa3 19.Qd3 g6 20.Ne5 Qf8 21.Re3 Qg7 22.Rf3 Rf8
23.Re1 Bd7 24.Nxd7 Nxd7 25.Qb5 Nb6 26.a4 Rab8 27.Ba2 Nc8 28.a5 Nd6 29.Qc5 Nf5
30.Qxa7 h5 31.Bb1 Nd6 32.Qb6 Nc4 33.Qb4 Nd2 34.Rfe3 Nxb1 35.Rxb1 Rfd8 36.Re5 Qh6
37.Rb5 Qd2 38.a6  1-0

[Event "58th TCh m 1st Div"]
[Site "Borovets BUL"]
[Date "2008.10.07"]
[Round "7"]
[White "Milchev,N"]
[Black "Vasilev,M"]
[Result "1-0"]
[WhiteElo "2362"]
[BlackElo "2477"]

1.Nf3 d5 2.c4 dxc4 3.Na3 Nf6 4.Nxc4 g6 5.b3 Bg7 6.Bb2 O-O 7.g3 Be6 8.Bg2 Qc8
9.O-O Bh3 10.Rc1 Bxg2 11.Kxg2 Nc6 12.d3 Rd8 13.a3 Rd5 14.Nce5 Nxe5 15.Bxe5 c6
16.Rc4 Qe6 17.Qa1 Rad8 18.Rb1 g5 19.h3 h5 20.e4 g4 21.exd5 gxf3+ 22.Kh2 cxd5
23.Rf4 Ng4+ 24.Rxg4 hxg4 25.Bxg7 f6 26.Bh6 Kf7 27.h4 d4 28.Qb2 Qf5 29.Rd1 Kg6
30.Bc1 e5 31.Qd2 Rc8 32.Bb2 Qe6 33.b4 Qb3 34.Rc1 Rxc1 35.Bxc1 Kf7 36.Kg1 b5
37.Kh2 a6 38.Kg1 Kg8 39.h5 Qf7 40.h6 Qh5 41.Qa2+ Kf8 42.Qe6 Qh3 43.Qxf6+ Ke8
44.Qe6+ Kf8 45.Qc8+ Kf7 46.Qf5+ Ke8 47.Qxe5+ Kf7 48.Qf5+ Ke8 49.Qe6+ Kf8
50.Qf6+ Ke8 51.Qh8+ Kf7 52.Qg7+ Ke8 53.Qg8+ Kd7 54.Qf7+ Kd8 55.Bg5+ Kc8 56.Qe8+ Kb7
57.Qd7+ Ka8 58.Qd5+ Kb8 59.Bf4+ Kc8 60.Qc6+ Kd8 61.Bg5+  1-0

[Event "Chigorin Memorial"]
[Site "St Petersburg RUS"]
[Date "2008.10.07"]
[Round "5"]
[White "Khuseinkhodzhaev,M"]
[Black "Lintchevski,D"]
[Result "1-0"]
[WhiteElo "2375"]
[BlackElo "2502"]

1.Nf3 d5 2.c4 c6 3.e3 Nf6 4.Nc3 a6 5.a4 e6 6.d4 Nbd7 7.Bd3 Bb4 8.O-O O-O
9.Qb3 a5 10.c5 b6 11.cxb6 Qxb6 12.Na2 c5 13.Bb5 Ba6 14.Bxa6 Qxa6 15.Nc3 Rfc8
16.Bd2 cxd4 17.exd4 Ne4 18.Nxe4 dxe4 19.Bxb4 exf3 20.Bd2 fxg2 21.Rfc1 Rcb8
22.Qg3 Nf8 23.Rc5 Qe2 24.Bc3 Ng6 25.Rxa5 e5 26.Rxa8 Rxa8 27.dxe5 Rxa4 28.Re1 Nf4
29.b3 Rd4 30.Rxe2 Nxe2+ 31.Kxg2 Nxg3 32.Bxd4 Ne4 33.b4 Kf8 34.f4 Nd2 35.Kf2 Nc4
36.Ke2 Na3 37.Kd3 Ke7 38.Bb2 Nb5 39.Kc4 Nc7 40.b5 Kd7 41.b6 Ne6 42.f5 Nd8
43.Kd5 g6 44.e6+ fxe6+ 45.fxe6+ Nxe6 46.b7 Nc7+ 47.Kc4 Na6 48.Be5 Kc6 49.b8=Q Nxb8
50.Bxb8 Kd7 51.Kd5 Ke7 52.Ke5 Kf7 53.Ba7 Kg7 54.Be3 Kf7 55.Bh6 Ke7 56.Bg5+ Kf7
57.Bf6 h6 58.h4  1-0

[Event "Chigorin Memorial"]
[Site "St Petersburg RUS"]
[Date "2008.10.07"]
[Round "5"]
[White "Orlov,O2"]
[Black "Lupik,M"]
[Result "0-1"]
[WhiteElo "2333"]
[BlackElo "2166"]

1.Nf3 d5 2.c4 e6 3.g3 dxc4 4.Qa4+ Nd7 5.Bg2 a6 6.Qxc4 b5 7.Qc2 Bb7 8.O-O c5
9.b3 Ngf6 10.Bb2 Be7 11.d3 O-O 12.Nbd2 Rc8 13.e4 Qb6 14.a3 Rfd8 15.e5 Nd5
16.Ne4 Nb8 17.Rac1 Nc6 18.Nxc5 Ncb4 19.axb4 Nxb4 20.Qb1 Bxc5 21.d4 Be7 22.Bc3 h6
23.h4 Bd5 24.g4 Qb7 25.Bxb4 Bxb4 26.Qd3 Ba3 27.Rxc8 Rxc8 28.Ne1 Bxg2 29.Nxg2 Bb4
30.Rd1 Rc3 31.Qb1 Qd5 32.Qa2 Qxb3 33.Qe2 a5 34.Nf4 Qc2 35.Qf1 Qe4 36.Ne2 Qxg4+
37.Ng3 Be7 38.h5 Bh4 39.Rd3 Rxd3 40.Qxd3 Bxg3 41.fxg3 b4 42.Kg2 a4 43.Qc4 b3
44.Qxa4 Qe4+  0-1

[Event "1st WMSG Blitz Pair"]
[Site "Beijing CHN"]
[Date "2008.10.08"]
[Round "4"]
[White "Matamoros Franco,C"]
[Black "Paragua,M"]
[Result "1-0"]
[WhiteElo "2525"]
[BlackElo "2526"]

1.Nf3 d5 2.c4 c6 3.g3 Nf6 4.Bg2 Bg4 5.Ne5 Bf5 6.cxd5 cxd5 7.Nc3 e6 8.g4 Bg6
9.h4 Bd6 10.Qa4+ Nbd7 11.h5 Bxe5 12.hxg6 fxg6 13.g5 Nh5 14.d4 Bd6 15.e4 O-O
16.exd5 Nb6 17.Qb3 Bf4 18.dxe6 Kh8 19.Ne4 Bxc1 20.Rxc1 Qxd4 21.O-O Nf4 22.Rcd1 Qe5
23.Rfe1 Rae8 24.Nd6 Ne2+ 25.Kf1 Rxe6 26.Nf7+ Rxf7 27.Qxe6 Ng3+ 28.Kg1 Qc5  1-0

[Event "Belgrade Premier League"]
[Site "Belgrade SRB"]
[Date "2008.10.08"]
[Round "4"]
[White "Krnic,Z"]
[Black "Toth,Al"]
[Result "1-0"]
[WhiteElo "2381"]
[BlackElo "2300"]

1.Nf3 d5 2.c4 e6 3.b3 Nf6 4.g3 Be7 5.Bg2 O-O 6.O-O c5 7.Bb2 Nc6 8.cxd5 Nxd5
9.Nc3 Bf6 10.Qc2 Nxc3 11.Bxc3 Nd4 12.Nxd4 cxd4 13.Bb4 Re8 14.Rac1 Be7 15.Qc4 Bxb4
16.Qxb4 e5 17.d3 Re7 18.Rc5 Rb8 19.Rfc1 Bg4 20.e3 b6 21.Rd5 Qe8 22.exd4 a5
23.Qd6 Be6 24.Rxe5 Rd7 25.Qc6 Rxd4 26.Qxe8+ Rxe8 27.Bf1 a4 28.Rc4 Red8 29.Rxd4 Rxd4
30.Rb5 axb3 31.axb3 g6 32.Rxb6 Bf5 33.h4 Bxd3 34.Bxd3 Rxd3 35.Kf1 Rd2 36.b4 Rb2
37.g4 Kg7 38.g5 h6 39.Rb8 hxg5 40.hxg5 Rd2 41.Kg2 Rd5 42.f4 Rf5 43.Kf3 f6
44.Rb7+ Kf8 45.gxf6 Rxf6 46.Ke4 Re6+ 47.Kd5 Rf6 48.Ke5 Rf5+ 49.Ke4 Ke8 50.b5 Kd8
51.b6 Rb5 52.Rb8+ Kd7 53.b7 Kc7 54.Rg8 Kxb7 55.Rxg6 Kc7 56.f5 Kd7 57.Re6 Rb8
58.Ke5 Rh8 59.Kf6 Rh6+ 60.Kf7 Rh1 61.Re2 Kd8 62.Rd2+ Kc7 63.f6 Rg1 64.Ke7 Re1+
65.Kf8 Rf1 66.f7 Rg1 67.Rd4  1-0

[Event "1st WMSG Blitz Team w"]
[Site "Beijing CHN"]
[Date "2008.10.13"]
[Round "3"]
[White "Mira,H"]
[Black "Enxtuul,A"]
[Result "0-1"]
[WhiteElo "2115"]
[BlackElo "1977"]

1.Nf3 d5 2.c4 d4 3.e3 c5 4.exd4 cxd4 5.Bd3 Nf6 6.O-O Nc6 7.Re1 Bg4 8.h3 Bh5
9.a3 a5 10.b3 e6 11.Bb2 Bc5 12.g4 Bg6 13.Bxg6 hxg6 14.Kg2 Qc7 15.d3 Rd8 16.Nbd2 Qf4
17.Nf1 Qh6 18.Ng1  0-1

[Event "1st WMSG Blitz Team w"]
[Site "Beijing CHN"]
[Date "2008.10.13"]
[Round "5"]
[White "Jiretorn,E"]
[Black "Reppen,E"]
[Result "0-1"]
[WhiteElo "2150"]
[BlackElo "1910"]

1.c4 d5 2.Nf3 e6 3.g3 Nf6 4.Bg2 Be7 5.O-O O-O 6.Qc2 Nbd7 7.b3 c5 8.Bb2 Qe8
9.Rd1 dxc4 10.bxc4 b6  0-1

[Event "1st WMSG Rapid Team w"]
[Site "Beijing CHN"]
[Date "2008.10.16"]
[Round "9"]
[White "Gomes,Mary"]
[Black "Ruan Lufei"]
[Result "0-1"]
[WhiteElo "2298"]
[BlackElo "2496"]

1.Nf3 d5 2.c4 c6 3.g3 Nf6 4.Bg2 Bf5 5.b3 e6 6.Bb2 Nbd7 7.O-O Be7 8.d3 h6
9.Nbd2 O-O 10.Qc2 Bh7 11.e4 a5 12.a3 dxe4 13.dxe4 Nc5 14.Ne5 Nfd7 15.Nxd7 Qxd7
16.Rfd1 Qd3 17.Qxd3 Nxd3 18.Bd4 Rfd8 19.Bb6 Nb2 20.Bxd8 Rxd8 21.Kf1 Nxd1
22.Rxd1 Bxa3 23.Ke2 Bb4 24.Nf1 Rxd1 25.Kxd1 Kf8 26.Ke2 Ke7 27.Ne3 f6 28.Nc2 Bc5
29.Ne1 Bg6 30.Nd3 Bd4 31.Kd1 e5 32.Kc1 Bf7 33.Bf1 a4 34.bxa4 Bxc4 35.f3 Bb3
36.a5 Kd6 37.Bh3 Bc3 38.Bc8 Bc4 39.Kc2 Bxa5 40.Bxb7 Kc7 41.Ba8 Bb5 42.Nc5 Kb8
43.Bb7 Bb6  0-1

[Event "Ugra Cup"]
[Site "Khantiy Mansiysk RUS"]
[Date "2008.10.16"]
[Round "2"]
[White "Gutov,A"]
[Black "Demianjuk,A"]
[Result "1/2-1/2"]
[WhiteElo "2477"]
[BlackElo "2323"]

1.Nf3 d5 2.c4 d4 3.g3 c5 4.b4 cxb4 5.a3 bxa3 6.Bxa3 Nc6 7.d3 e5 8.Bxf8 Kxf8
9.Bg2 g6 10.O-O Kg7 11.Nbd2 Nf6 12.Qa4 h6 13.Rfb1 Re8 14.Ne1 Qc7 15.Nc2 Re7
16.Nb4 Nxb4 17.Qxb4 Re6 18.Nb3 Nd7 19.c5 a5 20.Rxa5 Rxa5 21.Qxa5 Qxa5 22.Nxa5 Nxc5
23.Nxb7 Bxb7 24.Bxb7 Nxb7 25.Rxb7 g5 26.f3 Kg6 27.Rd7 h5 28.Kf2 f6 29.h3 Re8
30.Rd6 Kf5 31.Rd7 Rh8 32.Rd6 h4  1/2-1/2

[Event "24th ECC"]
[Site "Kallithea GRE"]
[Date "2008.10.17"]
[Round "1"]
[White "Kotanjian,T"]
[Black "Muhren,B"]
[Result "1-0"]
[WhiteElo "2567"]
[BlackElo "2278"]

1.Nf3 d5 2.c4 d4 3.g3 Nc6 4.Bg2 e5 5.d3 Nf6 6.O-O Nd7 7.Na3 Be7 8.Nc2 a5
9.e3 Nf8 10.exd4 exd4 11.b3 Bf5 12.Re1 Bg6 13.Bb2 Ne6 14.Rxe6 fxe6 15.Ncxd4 Nxd4
16.Nxd4 Ra6 17.Bxb7 Rd6 18.Nc6 Qd7 19.Ne5 Qd8 20.c5 Rd4 21.Nc6 Rxd3 22.Nxd8 Rxd1+
23.Rxd1 Bxd8 24.Bc6+ Kf7 25.Rd7+ Be7 26.Bxg7 Rd8 27.Rxd8 Bxd8 28.Bc3 Bb1
29.a4 Bc2 30.b4 axb4 31.Bxb4 Bd3 32.Bb7 e5 33.a5 Ke6 34.a6 Bxa6 35.Bxa6 Kd5
36.h4 Be7 37.Kg2 Bxc5 38.Bxc5 Kxc5 39.Bd3 h6 40.g4 Kd5 41.g5  1-0

[Event "XV PRO AM Open"]
[Site "Villa Martelli ARG"]
[Date "2008.10.17"]
[Round "8"]
[White "Flores,Di"]
[Black "Cubas,Jo"]
[Result "1-0"]
[WhiteElo "2569"]
[BlackElo "2433"]

1.Nf3 d5 2.c4 c6 3.e3 Nf6 4.Nc3 a6 5.a4 e6 6.d4 c5 7.Bd3 Nc6 8.O-O Be7 9.Re1 dxc4
10.Bxc4 O-O 11.Ne5 Bd7 12.Nxd7 Qxd7 13.d5 exd5 14.Nxd5 Rad8 15.e4 Nxd5 16.exd5 Bf6
17.Ra3 Ne5 18.Ba2 c4 19.Rh3 Qxd5 20.Qh5 h6 21.Bxh6 g6 22.Rg3 Rfe8 23.Rf1 b5
24.Bb1 Bg7 25.Qh4 Qd1 26.Bxg7 Kxg7 27.Rh3 Qd4 28.Qh6+ Kf6 29.Rh5 Ng4 30.Rf5+ Ke6
31.Qg5 gxf5 32.Bxf5+ Kd6 33.Bxg4 Rg8 34.Qh6+ Rg6 35.Qh4 Kc5 36.Qe7+ Rgd6
37.Bf3 Rd7 38.Qg5+ Kb4 39.axb5 axb5 40.Qc1 Qd2 41.Qa1 Rd3 42.Qa6 Qxb2 43.Bc6 Rd1
44.Qxb5+ Kc3 45.Qe5+ Kb3 46.Ba4+ Ka3 47.Qxb2+ Kxb2 48.Rxd1 Ra7 49.Bd7 Kc2
50.Bg4 f5 51.Be2 c3 52.Kf1 Kb2 53.Bd3 Rd7 54.Rb1+ Ka2 55.Bxf5  1-0

[Event "24th ECC"]
[Site "Kallithea GRE"]
[Date "2008.10.18"]
[Round "2"]
[White "Van der Werf,M"]
[Black "Bator,R"]
[Result "1/2-1/2"]
[WhiteElo "2414"]
[BlackElo "2410"]

1.Nf3 d5 2.c4 c6 3.e3 Nf6 4.Nc3 a6 5.Qc2 b5 6.b3 e6 7.Bb2 Nbd7 8.d4 Bd6 9.Bd3 O-O
10.O-O bxc4 11.bxc4 dxc4 12.Bxc4 c5 13.Ne4 Nxe4 14.Qxe4 Rb8 15.Qc2 Bb7 16.Be2 cxd4  1/2-1/2

[Event "24th ECC"]
[Site "Kallithea GRE"]
[Date "2008.10.18"]
[Round "2"]
[White "Ortega,Le"]
[Black "Dizdar,G"]
[Result "0-1"]
[WhiteElo "2442"]
[BlackElo "2551"]

1.Nf3 d5 2.c4 d4 3.g3 g6 4.b4 Bg7 5.d3 e5 6.Nbd2 Ne7 7.Bg2 a5 8.b5 c5 9.bxc6 Nexc6
10.O-O Na6 11.Rb1 O-O 12.Ne1 Re8 13.Nc2 Nab4 14.a3 Na6 15.Na1 Rb8 16.Ne4 h6
17.Nb3 b6 18.c5 bxc5 19.Nexc5 Nxc5 20.Bxc6 Bh3 21.Bxe8 Bxf1 22.Kxf1 Qxe8
23.Qc2 Nxb3 24.Rxb3 Rxb3 25.Qxb3 Qc6  0-1

[Event "XV PRO AM Open"]
[Site "Villa Martelli ARG"]
[Date "2008.10.18"]
[Round "9"]
[White "Slipak,S"]
[Black "Gibson,T"]
[Result "1-0"]
[WhiteElo "2456"]
[BlackElo "2252"]

1.Nf3 d5 2.c4 c6 3.Qc2 Nf6 4.g3 Bg4 5.Bg2 e6 6.O-O Nbd7 7.d3 Bd6 8.Nbd2 O-O
9.b3 Re8 10.h3 Bh5 11.Bb2 e5 12.e4 dxe4 13.dxe4 Qc7 14.Nh4 a5 15.Nf5 Bc5
16.Nf3 Bxf3 17.Bxf3 Nf8 18.Rad1 Ne6 19.h4 Rad8 20.Qc1 Bd4 21.Bxd4 exd4 22.Rfe1 g6
23.e5 Nd7 24.Nh6+ Kg7 25.Ng4 Kh8 26.Qh6 Ng7 27.Qf4 Ne6 28.Qxf7 Rf8 29.Qxe6 Nc5
30.Qf6+ Rxf6 31.exf6 Qd6 32.Re7 h5 33.Rxd4 Qxd4 34.Ne5  1-0

[Event "13th ECC w"]
[Site "Kallithea GRE"]
[Date "2008.10.19"]
[Round "3"]
[White "Vujic Katanic,B"]
[Black "Fakhretdinova,M"]
[Result "0-1"]
[WhiteElo "2107"]
[BlackElo "2147"]

1.Nf3 d5 2.c4 e6 3.g3 Nf6 4.Bg2 Be7 5.O-O O-O 6.d4 dxc4 7.Qc2 a6 8.a4 Nc6
9.Qxc4 Bd6 10.Rd1 Qe7 11.Bf4 e5 12.dxe5 Nxe5 13.Nxe5 Bxe5 14.Bxe5 Qxe5 15.Nc3 c6
16.b4 Be6 17.Qd4 Qh5 18.Rab1 h6 19.Qb6 Rab8 20.Rd2 Ng4 21.h3 Ne5 22.g4 Nc4
23.Qc7 Qh4 24.Rd4 Qf6 25.Rbd1 Rfc8 26.Qg3 Qe7 27.Rb1 Rd8 28.Rxd8+ Rxd8 29.Ne4 Nd2
30.Nxd2 Rxd2 31.Qe3 Qd6 32.Qc5 Rd1+ 33.Rxd1 Qxd1+ 34.Kh2 Qxe2 35.a5 Qd2 36.Qe7 Qxf2
37.Qxb7 Bd5 38.Qc8+ Kh7 39.Qf5+ Qxf5 40.gxf5 Bxg2 41.Kxg2 g6 42.f6 g5 43.Kf3 Kg6
44.Ke4 Kxf6 45.Kd4 Ke6 46.Kc5 Kd7 47.Kb6 f5 48.Kxa6 Kc7 49.b5 cxb5 50.Kxb5 g4  0-1

[Event "Masters"]
[Site "Can Picafort ESP"]
[Date "2008.10.20"]
[Round "1"]
[White "Moskalenko,V1"]
[Black "Mellado Trivino,J"]
[Result "1/2-1/2"]
[WhiteElo "2568"]
[BlackElo "2434"]

1.Nf3 d5 2.c4 dxc4 3.e3 Be6 4.Na3 Nf6 5.Nxc4 c5 6.b3 Nc6 7.Bb2 Bd5 8.Be2 e6
9.O-O Be7 10.d3 O-O 11.Ncd2 Bxf3 12.Nxf3 Nd7 13.d4 Bf6 14.Rc1 cxd4 15.Nxd4 Nxd4
16.Bxd4 Qa5 17.Bf3 Rfd8 18.Bc3  1/2-1/2

[Event "Guernsey Open"]
[Site "Guernsey GCI"]
[Date "2008.10.20"]
[Round "2"]
[White "Norman,K"]
[Black "Reutimann,H"]
[Result "1-0"]
[WhiteElo "2192"]
[BlackElo "1761"]

1.Nf3 d5 2.c4 dxc4 3.Na3 Nf6 4.Nxc4 Bf5 5.g3 e6 6.Bg2 c6 7.d3 Nbd7 8.O-O Be7
9.b3 O-O 10.Bb2 h6 11.Rc1 Rc8 12.a3 b5 13.Ne3 Bh7 14.Nd4 c5 15.Nxb5 Qb6 16.a4 a6
17.Nc4 Qb8 18.Nc3 Nb6 19.Ba3 Rfd8 20.Na5 Nbd5 21.Nxd5 Nxd5 22.Qc2 Qb6 23.Nc4 Qb8
24.Rb1 Nb4 25.Qd2 Bg5 26.f4 Bf6 27.Bb2 Bd4+ 28.Bxd4 cxd4 29.Rfc1 f6 30.Na3 Rxc1+
31.Rxc1 Nd5 32.Bxd5 Rxd5 33.b4 Bf5 34.Nc4 h5 35.Na5 Kh7 36.Nc6 Qb7 37.Rc4 Bh3
38.Qc1 Rd6 39.Kf2 e5 40.Rc5 g6 41.b5 axb5 42.axb5 Qb6 43.Qa3 Re6 44.fxe5 fxe5
45.Qa7+ Qxa7 46.Nxa7 Rf6+ 47.Ke1 e4 48.dxe4  1-0

[Event "24th ECC"]
[Site "Kallithea GRE"]
[Date "2008.10.20"]
[Round "4"]
[White "Rachela,M"]
[Black "Pulkkinen,K"]
[Result "1-0"]
[WhiteElo "2358"]
[BlackElo "2308"]

1.Nf3 d5 2.c4 dxc4 3.Qa4+ Bd7 4.Qxc4 Bc6 5.Nc3 e6 6.e4 Nf6 7.Be2 a6 8.Ne5 Qd6
9.d4 Nxe4 10.Nxc6 Nxc3 11.bxc3 Nxc6 12.Bf3 O-O-O 13.O-O Be7 14.Rb1 Bf6 15.Ba3 Qxa3
16.Rxb7 Kxb7 17.Qxc6+ Kc8 18.Rb1 Rd5 19.Bxd5 exd5 20.Qa8+ Kd7 21.Qxh8 Qxc3
22.Qxh7 Qxd4 23.Qh5 g6 24.Qf3 Ke6 25.Qe2+ Kf5 26.Rd1 Qc4 27.Qxc4 dxc4 28.Kf1 Ke4
29.Ke2 Bd4 30.f3+ Kd5 31.h4 f5 32.g4 fxg4 33.fxg4 c3 34.h5 gxh5 35.gxh5 Ke6
36.Rf1 a5 37.h6  1-0

[Event "24th ECC"]
[Site "Kallithea GRE"]
[Date "2008.10.20"]
[Round "4"]
[White "Agopov,M"]
[Black "Hera,I"]
[Result "1/2-1/2"]
[WhiteElo "2449"]
[BlackElo "2530"]

1.Nf3 d5 2.c4 c6 3.d4 Nf6 4.Nc3 e6 5.cxd5 exd5 6.Bg5 Be7 7.e3 Bf5 8.Be2 h6
9.Bxf6 Bxf6 10.O-O O-O 11.b4 Nd7 12.b5 Qa5 13.Qd2 Qa3 14.Rfc1 Rfc8 15.bxc6 bxc6
16.Ne1 Nb6 17.Bd3 Bxd3 18.Nxd3 Nc4 19.Qc2 Rab8 20.Rab1 Bg5 21.Rb3 Qa5 22.Rcb1 Rb6
23.Re1 Be7 24.h3 Rcb8 25.Rc1  1/2-1/2

[Event "24th ECC"]
[Site "Kallithea GRE"]
[Date "2008.10.21"]
[Round "5"]
[White "Rachela,M"]
[Black "Okkes,M"]
[Result "1/2-1/2"]
[WhiteElo "2358"]
[BlackElo "2359"]

1.Nf3 d5 2.c4 e6 3.b3 Nf6 4.g3 Be7 5.Bg2 O-O 6.O-O c5 7.Bb2 Nc6 8.e3 d4 9.exd4 cxd4
10.Re1 Re8 11.a3 a5 12.d3 Bf8 13.Ne5 Nxe5 14.Rxe5 Rb8 15.Nd2 Nd7 16.Re1 e5
17.Qe2 Nc5 18.b4 Na4 19.Nf3 Nxb2 20.Qxb2 f6 21.Nd2 Bf5 22.c5 Kh8 23.Qc2 Qd7
24.Nc4 Qb5 25.Nxa5 Bxd3 26.Qd2 e4 27.Nb3 Qc4 28.Qb2 Qc3 29.Qxc3 dxc3 30.Rac1 g6
31.Rxc3 f5 32.Na5 Bg7 33.Rb3 Rec8 34.Bf1 Bc2 35.Rbe3 b6 36.cxb6 Rxb6 37.Bc4 Rbb8
38.R3e2 Bd3 39.Bxd3 exd3 40.Re3 d2 41.Rf1 Rc3 42.Nb3 Rxe3 43.fxe3 Rd8 44.Rd1 Bh6
45.Kf2 Rd3 46.Nxd2 Rxa3 47.Nc4 Rb3  1/2-1/2

[Event "24th ECC"]
[Site "Kallithea GRE"]
[Date "2008.10.21"]
[Round "5"]
[White "Eliet,N"]
[Black "Blomqvist,E"]
[Result "0-1"]
[WhiteElo "2435"]
[BlackElo "2418"]

1.Nf3 d5 2.c4 c6 3.e3 Nf6 4.Nc3 e6 5.b3 Nbd7 6.Bb2 Bd6 7.Qc2 O-O 8.Be2 a6
9.d4 e5 10.cxd5 cxd5 11.dxe5 Nxe5 12.Rd1 Be6 13.Qb1 Rc8 14.O-O Qc7 15.h3 Rfe8
16.Ng5 Qa5 17.Rc1 Bd7 18.Rfd1 Ng6 19.Nf3 Bb4 20.Qa1 Bf8 21.a3 Bc6 22.Nd4 Bd7
23.b4 Qd8 24.Qa2 Be6 25.Bf1 Bd6 26.Nxe6 fxe6 27.Na4 Rxc1 28.Rxc1 Ne4 29.Nc3 Nd2
30.Ba1 Nxf1 31.Rxf1 Qg5 32.Qe2 h6 33.Na4 Rc8 34.Bd4 Qf5 35.Bc5 Bc7 36.Rd1 Qe5
37.f3 Qh2+ 38.Kf1 Bg3 39.e4 Rxc5  0-1

[Event "WYCC Boys U14"]
[Site "Vung Tau City VIE"]
[Date "2008.10.21"]
[Round "2"]
[White "Kantans,T"]
[Black "Feng,T"]
[Result "1-0"]
[WhiteElo "2146"]
[BlackElo "1610"]

1.Nf3 d5 2.c4 d4 3.g3 c5 4.Bg2 Nc6 5.d3 g6 6.O-O Bg7 7.Nbd2 Qc7 8.a3 e5 9.Rb1 f5
10.b4 Nge7 11.bxc5 O-O 12.Nb3 Bd7 13.e3 a5 14.exd4 Nxd4 15.Bb2 a4 16.Nbxd4 exd4
17.Bxd4 Bxd4 18.Nxd4 Qxc5 19.Nc2 Bc6 20.Bxc6 Nxc6 21.Rxb7 Ne5 22.Rb5 Qd6
23.Rd5 Qc7 24.Nd4 Rfe8 25.Re1 Qe7 26.Rdxe5  1-0

[Event "Guernsey Open"]
[Site "Guernsey GCI"]
[Date "2008.10.22"]
[Round "4"]
[White "De Graaf,A"]
[Black "Westerkamp,B"]
[Result "0-1"]
[WhiteElo "1785"]
[BlackElo "2070"]

1.Nf3 d5 2.c4 c6 3.d4 Nf6 4.g3 e6 5.Bg2 Be7 6.O-O Nbd7 7.Nc3 O-O 8.Re1 Re8
9.Qc2 Bf8 10.Bg5 h6 11.Bf4 dxc4 12.e4 Nh5 13.Rad1 Nxf4 14.gxf4 Qf6 15.Qc1 Bb4
16.Kh1 Nf8 17.Ne5 Qh4 18.Qe3 Bd6 19.Rg1 f6 20.Nxc4 Bxf4 21.Qh3 Qxh3 22.Bxh3 b6
23.Ne2 Bc7 24.Bg2 Bb7 25.f4 Rad8 26.e5 fxe5 27.fxe5 Re7 28.Be4 Ba6 29.b3 c5
30.dxc5 Rxd1 31.Rxd1 bxc5 32.Nf4 Bxc4 33.bxc4 g5 34.Nd3 Rd7 35.Re1 Bb6 36.h4 Rd4
37.hxg5 hxg5 38.Kg2 Rxc4 39.Kf3 Rc3 40.Kg4 c4 41.Nb4 Re3 42.Rxe3 Bxe3 43.Nc6 Kf7
44.Kh5 Ke8 45.Na5 c3 46.Nc4 Bf4 47.Nd6+ Kd8 48.Nf7+ Kc7 49.Nxg5 Bxe5 50.Kh6 Bf4
51.Kg7 Bxg5 52.Kxf8 Kd6 53.Kg7 Ke5 54.Bc2 Kd4 55.Kg6 Bd8  0-1

[Event "24th ECC"]
[Site "Kallithea GRE"]
[Date "2008.10.22"]
[Round "6"]
[White "Patuzzo,F"]
[Black "Raisanen,K"]
[Result "0-1"]
[WhiteElo "2280"]
[BlackElo "2174"]

1.Nf3 d5 2.c4 c6 3.Qc2 Nf6 4.g3 Bg4 5.Bg2 e6 6.b3 Bd6 7.Bb2 Nbd7 8.O-O O-O
9.d3 Qe7 10.Nbd2 a5 11.h3 Bh5 12.e4 Ba3 13.Bc3 Bb4 14.Bb2 Ba3 15.Bxa3 Qxa3
16.Nh4 dxc4 17.dxc4 e5 18.Nf5 Rfd8 19.Nb1 Qc5 20.Nc3 Qa7 21.Kh2 Nc5 22.f4 Qb8
23.Kh1 Qc7 24.g4 Bg6 25.Nxg7 Kxg7 26.f5 h6 27.fxg6 fxg6 28.Rf3 Ne6 29.Qf2 Rf8
30.Qg3 Rad8 31.Re1 Rd4 32.Rfe3 Rfd8 33.Bf1 Nf4 34.g5 N6h5 35.gxh6+ Kxh6 36.Qg4 Qd7
37.Qf3 Kg7 38.Na4 Rf8 39.Qg4 Qxg4 40.hxg4 Nf6 41.Be2 Rd2 42.Nc5 Rh8+ 43.Kg1 Nxg4
44.Rg3 Nxe2+ 45.Rxe2 Rd1+ 46.Kg2 Rh2+ 47.Kf3 Rf1+ 48.Kxg4 Rf4+  0-1

[Event "24th ECC"]
[Site "Kallithea GRE"]
[Date "2008.10.23"]
[Round "7"]
[White "Eliet,N"]
[Black "Feygin,M"]
[Result "0-1"]
[WhiteElo "2435"]
[BlackElo "2569"]

1.Nf3 d5 2.c4 e6 3.d4 c5 4.cxd5 exd5 5.Nc3 Nc6 6.g3 Nf6 7.Bg2 Be7 8.O-O O-O
9.Bg5 cxd4 10.Nxd4 h6 11.Be3 Bg4 12.Qa4 Qd7 13.Nxd5 Nxd5 14.Bxd5 Nxd4 15.Qxd4 Bf6
16.Qd3 Rad8 17.Rad1 b6 18.b3 Bf5 19.Qd2 Qe7 20.Qe1 Rc8 21.Rc1 Qa3 22.b4 Bh3
23.Bg2 Bxg2 24.Kxg2 Qxa2 25.Qd2 Qa4 26.Rfd1 Rfd8 27.Qe1 Bc3 28.Qf1 Qxb4  0-1

[Event "LiraH Autumn"]
[Site "Lichtenrade GER"]
[Date "2008.10.23"]
[Round "6"]
[White "Poseck,S"]
[Black "Lueders,Ge"]
[Result "1/2-1/2"]
[WhiteElo "2092"]
[BlackElo "2219"]

1.Nf3 d5 2.c4 e6 3.g3 Nf6 4.b3 Be7 5.Bb2 O-O 6.Bg2 c6 7.Qc2 b5 8.Ne5 Nfd7
9.Nxd7 Nxd7 10.d3 Rb8 11.Nd2 Qb6 12.O-O Ba6 13.Rac1 Rfc8 14.Qb1 Bg5 15.Rc2 Bf6
16.cxd5 cxd5 17.Rfc1 b4 18.Rxc8+ Rxc8 19.Rxc8+ Bxc8 20.Bxf6 Nxf6 21.Qc2 Bb7
22.e3 h6 23.d4 a6 24.Bf1 Bc6 25.Bd3 Nd7 26.Nf3 Kf8 27.Kf1 Ke7 28.Ke2 Kd6
29.Kd2 f5 30.Qb2 Nf6 31.Ne5 Bb5 32.f3 g5 33.a4 Bxd3 34.Kxd3 a5 35.Qc2 Qa6+
36.Kd2 Nd7 37.Nxd7 Kxd7 38.Qc5 Qf1 39.Qa7+ Ke8 40.Qb8+ Kf7 41.Qc7+ Kg6 42.Qe7 Qg2+
43.Kd3 Qf1+ 44.Kd2 Qxf3 45.Qe8+ Kg7 46.Qe7+ Kg6 47.Qe8+  1/2-1/2